000 00402 a2200073 4500
245 0 _aWymagania techniczno-eksploatacyjne na urządzenie dołączające aparaturę systemu ABA-3 do międzymiastowych łączy wyjściowych w telefon. automatycznych centralach międzymiastowych systemu PENTACONTA ... /
_cGórski R..
710 2 _aInstytut Łączności.
_eWydawca
_4pbl
260 _aWarszawa :
_bIŁ,
_c1977.
300 _aIII,14 s.;
_c34 cm.
999 _c17213
_d17213